Vuelta a España Winners Quiz Stats

 Plays Quiz Updated Oct 8, 2019

Score 0/74 Timer 10:00
0 Plays Today
Year Winner % Correct
2017Chris Froome
75.6%
2008Alberto Contador
67.5%
2012Alberto Contador
63.4%
2014Alberto Contador
60.5%
1973Eddy Merckx
56.1%
2018Simon Yates
54.6%
2019Primož Roglič
49.5%
1978Bernard Hinault
47%
1983Bernard Hinault
47%
1999Jan Ullrich
46.2%
2016Nairo Quintana
46.1%
2005Roberto Heras
45.3%
2010Vincenzo Nibali
45%
2006Alexandre Vinokourov
42.8%
2007Denis Menchov
42.3%
2009Alejandro Valverde
41.9%
2000Roberto Heras
40.8%
2003Roberto Heras
40.8%
2004Roberto Heras
40.8%
1992Tony Rominger
37.7%
1993Tony Rominger
37.7%
1994Tony Rominger
37.7%
2015Fabio Aru
37.4%
2013Chris Horner
36.7%
1996Alex Zülle
34.7%
1997Alex Zülle
34.7%
1963Jacques Anquetil
33.5%
1988Seán Kelly
32.8%
1985Pedro Delgado
32.3%
1989Pedro Delgado
32.3%
1979Joop Zoetemelk
29.7%
1995Laurent Jalabert
29.4%
2011Juan José Cobo
28.5%
1970Luis Ocaña
25.5%
1945Delio Rodríguez
25.2%
1950Emilio Rodríguez
25.1%
1967Jan Janssen
24.8%
Year Winner % Correct
2002Aitor González
23.5%
1998Abraham Olano
23.4%
1987Luis Herrera
22.1%
1968Felice Gimondi
21.2%
1964Raymond Poulidor
19.1%
1935Gustaaf Deloor
17.9%
1936Gustaaf Deloor
17.9%
2001Ángel Casero
17.7%
1977Freddy Maertens
16.8%
1972José Manuel Fuente
15.4%
1974José Manuel Fuente
15.4%
1991Melchor Mauri
15.1%
1962Rudi Altig
15%
1969Roger Pingeon
14.7%
1986Álvaro Pino
13.6%
1981Giovanni Battaglin
12.6%
1941Julian Berrendero
12.4%
1942Julian Berrendero
12.4%
1984Éric Caritoux
12.4%
1982Marino Lejarreta
11.4%
1990Marco Giovannetti
11.4%
1948Bernando Ruiz
11.2%
1955Jean Dotto
10.9%
1971Ferdinand Bracke
10.6%
1961Angelino Soler
10.6%
1959Antonio Suarez
10.5%
1958Jean Stablinski
10.3%
1965Rolf Wolfshohl
10.1%
1957Jesus Loroño
9.9%
1980Faustino Rupérez
9.5%
1975Augustin Tamames
9.5%
1960Franz De Mulder
9.4%
1966Francisco Gabica
9%
1947Edouard Van Dyck
8.8%
1956Angelo Conterno
8.6%
1946Dalmacio Langarica
8.5%
1976José Pesarrodona
8.5%

You're not logged in!

Compare scores with friends on all Sporcle quizzes.
OR
Log In

Sporcle TV

Today on Sporcle TV


Watch our educational content, quiz creation guides, and fun videos on Sporcle TV.

Show Comments

Extras

Top Quizzes Today


Score Distribution

Your Account Isn't Verified!

In order to create a playlist on Sporcle, you need to verify the email address you used during registration. Go to your Sporcle Settings to finish the process.

Report this User

Report this user for behavior that violates our Community Guidelines.

Details: